<?xml version="1.0" encoding="UTF-8"?>
<collection xmlns="http://www.loc.gov/MARC21/slim">
  <record>
    <leader>00000nam  2200000   4500</leader>
    <controlfield tag="001">INLIS000000000017152</controlfield>
    <controlfield tag="005">20240607034522</controlfield>
    <datafield tag="035" ind1="#" ind2="#">
      <subfield code="a">0010-0624000055</subfield>
    </datafield>
    <datafield tag="245" ind1="1" ind2="#">
      <subfield code="a">Transformasi Pelayanan Publik Terintegrasi Melalui BPKB Prototipe (Prosedural Berbasis Topologi Teknologi Informasi Pelayanan BPKB) /</subfield>
      <subfield code="c">Sumardji</subfield>
    </datafield>
    <datafield tag="100" ind1=" " ind2="#">
      <subfield code="a">Sumardji</subfield>
    </datafield>
    <datafield tag="300" ind1="#" ind2="#">
      <subfield code="a">250 halaman ;</subfield>
      <subfield code="c">30 cm</subfield>
    </datafield>
    <datafield tag="856" ind1="#" ind2="#">
      <subfield code="a">Perpustakaan LAN Pusat</subfield>
    </datafield>
    <datafield tag="260" ind1="#" ind2="#">
      <subfield code="a">Jakarta :</subfield>
      <subfield code="b">Pusbangkom Pimnas dan Manajerial ASN,</subfield>
      <subfield code="c">2023</subfield>
    </datafield>
    <datafield tag="084" ind1="#" ind2="#">
      <subfield code="a">R 030 PIM I 2023</subfield>
    </datafield>
    <datafield tag="650" ind1="#" ind2="4">
      <subfield code="a">BPKB Prototipe</subfield>
    </datafield>
    <datafield tag="600" ind1="#" ind2="4">
      <subfield code="a">Transformasi Pelayanan Publik</subfield>
    </datafield>
    <datafield tag="520" ind1="#" ind2="#">
      <subfield code="a">Beberapa faktor penyebab belum berkualitasnya pelayanan BPKB yang merupakan salah satu pelayanan publik Polri di bidang Registrasi dan Identifikasi Ranmor antara lain sebagai berikut : 1) pelaksanaan pendaftaran Regident Kepemilikan Ranmor yang belum memiliki sistem pelayanan yang terintegrasi menyebabkan antrian dan kerumunan serta perubahan budaya masyarakat (generasi milenial) dalam mencukupi kebutuhan sehari-hari yang semakin bergantung kepada teknologi informasi berpengaruh terhadap harapan pelayanan publik Polri di bidang Regident Ranmor. &#13;
2. birokrasi yang berbelit dan belum adanya keterbukaan informasi pelayanan yang mudah di akses oleh masyarakat.&#13;
3. proses pemeriksanaan cek fisik secara konvensional yang memerlukan waktu cukup lama dan rentan terjadinya penyalahgunaan wewenang/pungli, dan&#13;
4. maraknya pemalsuan BPKB</subfield>
    </datafield>
    <datafield tag="990" ind1="#" ind2="#">
      <subfield code="a">24.06.030</subfield>
    </datafield>
  </record>
</collection>
